00211nam a2200073Ia 4500008004100000100001000041245007700051260000900128120527s9999 xx 000 0 und d aUNIDO aAgricultural machinery and rural equipment in Africa.A new approach to  bDFID